Statistiques concernant 📖✒ Paroles "Demain, dès l'aube" Victor Hugo

Cliquez ici pour prendre le quiz!

Statistiques générales

  • Ce quiz a Ă©tĂ© pris 1 583 fois
  • Le rĂ©sultat moyen est 82 sur 112

Statistiques - réponses

Mots% Correct
Ă 
100%
aube,
100%
de
100%
Demain,
100%
dès
100%
l'
100%
heure
99%
J'
99%
j'
99%
la
99%
m'
99%
au
98%
je
98%
Je
98%
oĂą
98%
par
96%
campagne,
95%
partirai.
95%
blanchit
92%
irai
91%
tu,
90%
tu
90%
que
87%
Vois-
87%
montagne.
86%
sais
86%
attends.
85%
ne
81%
forĂŞt,
79%
toi
78%
loin
77%
plus
77%
le
76%
longtemps.
76%
puis
75%
demeurer
74%
en
71%
fleur.
71%
les
70%
sur
70%
et
69%
Et
69%
ta
69%
tombe,
69%
tombe
69%
Un
69%
bouquet
68%
bruyère
59%
vers
58%
houx
56%
marcherai
56%
mes
56%
Ni
56%
ni
56%
yeux
56%
Harfleur,
55%
qui
55%
du
54%
mettrai
54%
pour
54%
vert
54%
quand
53%
moi
52%
nuit.
52%
arriverai,
51%
jour
51%
pensées,
51%
sera
51%
soir
51%
comme
50%
fixés
50%
or
50%
Sans
50%
sans
50%
voiles
50%
dos
49%
mains
49%
courbé,
48%
descendant
47%
regarderai
47%
rien
47%
voir
47%
Seul,
46%
bruit,
45%
aucun
44%
dehors,
44%
entendre
44%
croisées,
43%
Triste,
36%
inconnu,
34%

Distribution des résultats

Percentile par nombre de réponses

% des personnes avec chaque résultat

Votre développement - résultats

Vous n’avez pas pris ce quiz